[Event "GER-chT U16"]
[Site "Naumburg"]
[Date "2010.12.30"]
[Round "7.1"]
[White "Medvedovski, Michael"]
[Black "Schindlbeck, Tobias"]
[Result "0-1"]
[WhiteElo "1916"]
[BlackElo "2052"]
[PlyCount "86"]
[EventDate "2010.12.27"]
[EventType "team-swiss"]
[EventRounds "7"]
[EventCountry "GER"]
[SourceTitle "CBM 140 Extra"]
[Source "ChessBase"]
[SourceDate "2011.03.01"]
[SourceVersion "1"]
[SourceVersionDate "2011.03.01"]
[SourceQuality "1"]
[WhiteTeam "Frankfurt TV"]
[BlackTeam "Ergolding"]
[WhiteTeamCountry "GER"]
[BlackTeamCountry "GER"]

1. e4 c5 2. Nf3 e6 3. Nc3 Nc6 4. d4 cxd4 5. Nxd4 a6 6. Be2 Qc7 7. Be3 Bb4 8. 0-0 Nf6 9. Na4 d5 10. Nxc6 bxc6 11. Nb6 Rb8 12. exd5 Nxd5 13. Nxd5 cxd5 14. Qd4 0-0 15. Bf4 Bd6 16. Bxd6 Qxd6 17. c4 Qb4 18. b3 a5 19. Rfb1 Ba6 20. a3 Qe7 21. Bd3 Rfd8 22. Qc3 dxc4 23. Bxc4 Qc5 24. Rc1 Bxc4 25. bxc4 Rd4 26. Rab1 Rbd8 27. h3 h6 28. Rb5 Rd1+ 29. Rxd1 Rxd1+ 30. Kh2 Qxf2 31. Rb2 Qf4+ 32. g3 Qf1 33. Rb8+ Kh7 34. Qc2+ f5 35. Qg2 Qxc4 36. Rb2 Rd3 37. Ra2 f4 38. g4 e5 39. Rc2 Qd4 40. Qe2 f3 41. Qf1 Rd1 42. Qf2 Qf4+ 43. Qg3 Rh1+ 0-1

[Event "Niederbayernliga 1011"]
[Site "Germany"]
[Date "2010.12.12"]
[Round "4.1"]
[White "Schmidt, Peter"]
[Black "Schindlbeck, Tobias"]
[Result "1-0"]
[WhiteElo "2359"]
[BlackElo "2132"]
[PlyCount "31"]
[EventDate "2010.10.10"]
[EventType "team-tourn"]
[EventRounds "9"]
[EventCountry "GER"]
[SourceTitle "EXT 2012"]
[Source "ChessBase"]
[SourceDate "2011.11.24"]
[SourceVersion "1"]
[SourceVersionDate "2011.11.24"]
[SourceQuality "1"]
[WhiteTeam "Roehrnbach"]
[BlackTeam "Ergolding"]
[WhiteTeamCountry "GER"]
[BlackTeamCountry "GER"]

1. Nf3 Nf6 2. g3 d5 3. Bg2 c5 4. 0-0 Nc6 5. d4 Bf5 6. c4 Qb6 7. cxd5 Nxd5 8. Nh4 Bxb1 9. Bxd5 Bg6 10. dxc5 Qxc5 11. Nxg6 hxg6 12. Qb3 0-0-0 13. Rd1 Qb6 14. Bxf7 Rxd1+ 15. Qxd1 Ne5 16. Bf4 1-0

[Event "Niederbayernliga 0910"]
[Site "Germany"]
[Date "2010.02.28"]
[Round "7.3"]
[White "Fuchsgruber, Helmut"]
[Black "Schindlbeck, Tobias"]
[Result "0-1"]
[WhiteElo "1888"]
[BlackElo "1887"]
[PlyCount "80"]
[EventDate "2009.10.18"]
[EventType "team-tourn"]
[EventRounds "9"]
[EventCountry "GER"]
[SourceTitle "EXT 2011"]
[Source "ChessBase"]
[SourceDate "2010.11.26"]
[SourceVersion "1"]
[SourceVersionDate "2010.11.26"]
[SourceQuality "1"]
[WhiteTeam "Landau Dingolfing"]
[BlackTeam "Ergolding"]
[WhiteTeamCountry "GER"]
[BlackTeamCountry "GER"]

1. d4 d5 2. c4 e6 3. Nc3 Nf6 4. Bg5 Nbd7 5. e3 c6 6. Nf3 Qa5 7. Nd2 Bd6 8. Be2 Ne4 9. Ndxe4 dxe4 10. Bh4 0-0 11. c5 Bb8 12. Rb1 f5 13. b4 Qc7 14. Bg3 Qd8 15. Bc4 Nf6 16. Bxb8 Rxb8 17. 0-0 Qc7 18. Qb3 Ng4 19. Bxe6+ Kh8 20. g3 Bxe6 21. Qxe6 Rf6 22. Qb3 Rh6 23. f4 exf3 24. Rxf3 Nxh2 25. Qd1 Nxf3+ 26. Qxf3 Re8 27. Kg2 Rhe6 28. Re1 Qe7 29. d5 Rxe3 30. d6 Qg5 31. Re2 h6 32. d7 Rxe2+ 33. Nxe2 Rd8 34. Nf4 Rxd7 35. Qe3 Kh7 36. a4 Qe7 37. Qc3 Qe4+ 38. Kf2 Qd4+ 39. Qxd4 Rxd4 40. b5 Rxa4 0-1

[Event "Niederbayernliga 0809"]
[Site "Germany"]
[Date "2008.11.30"]
[Round "3.4"]
[White "Dick, Andreas"]
[Black "Schindlbeck, Tobias"]
[Result "1/2-1/2"]
[WhiteElo "1855"]
[BlackElo "1912"]
[PlyCount "47"]
[EventDate "2008.10.05"]
[EventType "tourn"]
[EventRounds "9"]
[EventCountry "GER"]
[SourceTitle "EXT 2010"]
[Source "ChessBase"]
[SourceDate "2010.11.25"]
[SourceVersion "1"]
[SourceVersionDate "2010.11.25"]
[SourceQuality "1"]
[WhiteTeam "Bayerwald"]
[BlackTeam "Ergolding"]
[WhiteTeamCountry "GER"]
[BlackTeamCountry "GER"]

1. d4 d5 2. c4 e6 3. Nc3 Nf6 4. Bg5 Nbd7 5. cxd5 exd5 6. e3 c6 7. Qc2 Bd6 8. Bd3 h6 9. Bh4 0-0 10. f3 Re8 11. e4 Qb6 12. Nge2 c5 13. dxc5 Qxc5 14. Bf2 Qa5 15. 0-0 Ne5 16. Bb5 Bd7 17. Bxd7 Nexd7 18. Nxd5 Nxd5 19. exd5 Qxd5 20. Nc3 Qh5 21. Bg3 Bxg3 22. hxg3 Qe5 23. Qf2 Nf6 24. Rfe1 1/2-1/2

[Event "Niederbayernliga 0809"]
[Site "Germany"]
[Date "2008.10.05"]
[Round "1.3"]
[White "Schindlbeck, Tobias"]
[Black "Kreilinger, Erich"]
[Result "1/2-1/2"]
[WhiteElo "1912"]
[BlackElo "1879"]
[PlyCount "104"]
[EventDate "2008.10.05"]
[EventType "tourn"]
[EventRounds "9"]
[EventCountry "GER"]
[SourceTitle "EXT 2010"]
[Source "ChessBase"]
[SourceDate "2010.11.25"]
[SourceVersion "1"]
[SourceVersionDate "2010.11.25"]
[SourceQuality "1"]
[WhiteTeam "Ergolding"]
[BlackTeam "Geiselhoering"]
[WhiteTeamCountry "GER"]
[BlackTeamCountry "GER"]

1. e4 d6 2. d4 g6 3. Nc3 Bg7 4. Bc4 Nf6 5. Be3 Ng4 6. Bg5 h6 7. Bc1 e5 8. d5 0-0 9. f3 Nf6 10. Be3 a6 11. a4 Ne8 12. Qd2 f5 13. g3 f4 14. Bf2 h5 15. Be2 Qe7 16. g4 hxg4 17. fxg4 Nd7 18. Nf3 Nef6 19. h3 Nc5 20. Bd3 c6 21. Bxc5 dxc5 22. d6 Qe8 23. Qf2 Be6 24. Qxc5 Nd7 25. Qb4 b5 26. axb5 axb5 27. Rxa8 Qxa8 28. Ng5 Bf7 29. Nd1 Qd8 30. Nxf7 Kxf7 31. Qb3+ Kf6 32. h4 g5 33. hxg5+ Kxg5 34. Qe6 Rf6 35. Rh5+ Kg6 36. Qe7 Qxe7 37. dxe7 Re6 38. Nf2 Rxe7 39. Ke2 Nf8 40. c3 Ra7 41. Bc2 c5 42. Rh1 Ra2 43. Nd3 Nd7 44. Bb3 Ra6 45. Bd5 c4 46. Nb4 Ra5 47. Nc6 Ra2 48. Ne7+ Kf6 49. Ng8+ Kg5 50. Kf3 Bf8 51. Be6 Nf6 52. Rb1 Ne8 1/2-1/2

[Event "GER-ch U14"]
[Site "Willingen"]
[Date "2008.05.11"]
[Round "1"]
[White "Neumair, Jerome"]
[Black "Schindlbeck, Tobias"]
[Result "1/2-1/2"]
[WhiteElo "1987"]
[BlackElo "1888"]
[PlyCount "68"]
[EventDate "2008.05.11"]
[EventType "swiss"]
[EventRounds "9"]
[EventCountry "GER"]
[SourceTitle "CBM 124 Extra"]
[Source "ChessBase"]
[SourceDate "2008.07.03"]
[SourceVersion "1"]
[SourceVersionDate "2008.07.03"]
[SourceQuality "1"]

1. Nf3 Nf6 2. c4 b6 3. g3 e6 4. Bg2 Bb7 5. Nc3 c5 6. 0-0 Be7 7. d4 d5 8. cxd5 exd5 9. Ne5 Nbd7 10. Bg5 h6 11. Bxf6 Bxf6 12. Nxd5 Bxe5 13. dxe5 Nxe5 14. Qa4+ Bc6 15. Qe4 Qxd5 16. Qxd5 Bxd5 17. Bxd5 Rd8 18. Rad1 Ke7 19. Rfe1 Rd6 20. f4 Rhd8 21. Bb3 Rxd1 22. Bxd1 Nc4 23. Bb3 Na5 24. Kf2 Nxb3 25. axb3 Rd4 26. Ra1 a5 27. Rc1 Kd6 28. Ke1 Kd5 29. Rc3 Kc6 30. e3 Rd5 31. g4 b5 32. Ke2 a4 33. bxa4 bxa4 34. h4 Kb5 1/2-1/2

[Event "GER-ch U14"]
[Site "Willingen"]
[Date "2008.05.11"]
[Round "9"]
[White "Schindlbeck, Tobias"]
[Black "Sarchisov, Slavik"]
[Result "0-1"]
[WhiteElo "1888"]
[BlackElo "1982"]
[PlyCount "106"]
[EventDate "2008.05.11"]
[EventType "swiss"]
[EventRounds "9"]
[EventCountry "GER"]
[SourceTitle "CBM 124 Extra"]
[Source "ChessBase"]
[SourceDate "2008.07.03"]
[SourceVersion "1"]
[SourceVersionDate "2008.07.03"]
[SourceQuality "1"]

1. e4 c5 2. Nf3 d6 3. d4 cxd4 4. Nxd4 Nf6 5. Nc3 a6 6. Be2 e5 7. Nb3 Be7 8. 0-0 0-0 9. Be3 Qc7 10. a4 Be6 11. a5 Nc6 12. Bb6 Qd7 13. Bf3 Bxb3 14. cxb3 Bd8 15. Nd5 Nxd5 16. exd5 Ne7 17. Bxd8 Rfxd8 18. Qd3 f5 19. Be2 Rac8 20. Rfc1 Ng6 21. Rc3 Nf4 22. Qd1 Qf7 23. Bc4 Kh8 24. Rac1 Rg8 25. b4 Qg6 26. Bf1 Rxc3 27. Rxc3 Qf7 28. Bc4 Rc8 29. Bb3 Rxc3 30. bxc3 Qc7 31. g3 Ng6 32. Qd3 Ne7 33. Kf1 g6 34. Ke2 Kg7 35. c4 b6 36. axb6 Qxb6 37. Qc3 a5 38. bxa5 Qc5 39. Qa1 Nc8 40. Qa4 Kh6 41. Qc6 Qa3 42. Qxc8 Qxb3 43. a6 Qa2+ 44. Kf3 e4+ 45. Kg2 e3 46. h4 Qxf2+ 47. Kh3 Qg1 48. g4 Qxg4+ 49. Kh2 Qxh4+ 50. Kg2 e2 51. Qf8+ Kh5 52. Qg7 e1Q 53. Qxh7+ Kg5 0-1

[Event "Niederbayernliga 0607"]
[Site "Germany"]
[Date "2007.??.??"]
[Round "9.8"]
[White "Putz, Georg"]
[Black "Schindlbeck, Tobias"]
[Result "0-1"]
[WhiteElo "1683"]
[BlackElo "1665"]
[PlyCount "104"]
[EventDate "2006.??.??"]
[EventType "team-tourn"]
[EventRounds "9"]
[EventCountry "GER"]
[SourceTitle "EXT 2008"]
[Source "ChessBase"]
[SourceDate "2007.11.25"]
[SourceVersion "1"]
[SourceVersionDate "2007.11.25"]
[SourceQuality "1"]
[WhiteTeam "Simbach"]
[BlackTeam "Ergolding"]
[WhiteTeamCountry "GER"]
[BlackTeamCountry "GER"]

1. e4 c5 2. Nc3 e6 3. g3 a6 4. Bg2 Nc6 5. d3 b5 6. a3 Bb7 7. Nge2 Qc7 8. Be3 d6 9. 0-0 Nf6 10. f4 Be7 11. Qd2 Ng4 12. Nd1 Bf6 13. c3 Na5 14. Nc1 c4 15. Qe2 Nxe3 16. Qxe3 cxd3 17. Qxd3 Nc4 18. Rf2 Qb6 19. Kf1 0-0 20. Re2 Rac8 21. Na2 Rfd8 22. Ne3 d5 23. e5 Be7 24. Rd1 a5 25. Nxc4 bxc4 26. Qc2 Ba6 27. Red2 Rb8 28. Nc1 Rdc8 29. Ne2 Bc5 30. Nd4 Bxd4 31. Rxd4 Qxb2 32. Qxb2 Rxb2 33. R4d2 Rb3 34. Rc1 Rxa3 35. Rb2 Rb3 36. Ra2 Rc5 37. Ke1 Rcb5 38. Kd2 Rb2+ 39. Rxb2 Rxb2+ 40. Rc2 Rxc2+ 41. Kxc2 Kf8 42. g4 Ke7 43. h4 f6 44. exf6+ Kxf6 45. Bf3 Bb5 46. Bg2 h6 47. Bf3 g5 48. hxg5+ hxg5 49. f5 Bc6 50. fxe6 Kxe6 51. Kd2 Ke5 52. Ke3 a4 0-1

[Event "GER-chT U12"]
[Site "Verden an der Aller"]
[Date "2006.12.29"]
[Round "5.1"]
[White "Volz, Daniel"]
[Black "Schindlbeck, Tobias"]
[Result "1/2-1/2"]
[WhiteElo "1653"]
[BlackElo "1684"]
[PlyCount "85"]
[EventDate "2006.12.27"]
[EventType "team-swiss"]
[EventRounds "7"]
[EventCountry "GER"]
[SourceTitle "EXT 2008"]
[Source "ChessBase"]
[SourceDate "2007.11.25"]
[SourceVersion "1"]
[SourceVersionDate "2007.11.25"]
[SourceQuality "1"]
[WhiteTeam "Ettlingen U12"]
[BlackTeam "Ergolding FC U12"]
[WhiteTeamCountry "GER"]
[BlackTeamCountry "GER"]

1. e4 c5 2. Nf3 e6 3. d4 cxd4 4. Nxd4 a6 5. Bd3 Qc7 6. 0-0 Nf6 7. Qe2 d6 8. c4 Nbd7 9. f4 Be7 10. Be3 Nc5 11. Nc3 Nxd3 12. Qxd3 0-0 13. Rac1 b6 14. h3 Bb7 15. Kh2 Rac8 16. b3 Nd7 17. g4 Qb8 18. Nde2 Nc5 19. Bxc5 dxc5 20. Rcd1 Rfd8 21. Qg3 Bc6 22. Rxd8+ Rxd8 23. e5 b5 24. cxb5 axb5 25. a3 b4 26. Nb1 Bb5 27. Re1 Rd3 28. Qg2 Rxb3 29. axb4 Rxb4 30. Nbc3 Bxe2 31. Nxe2 Qb7 32. Qf2 Rb3 33. Ra1 g6 34. Rg1 Qf3 35. Qxf3 Rxf3 36. Rg3 Rf2+ 37. Rg2 Rxg2+ 38. Kxg2 Kf8 39. Kf3 Ke8 40. Ke4 Kd7 41. Kd3 Kc6 42. Kc4 Bh4 43. Nc1 1/2-1/2

[Event "GER-chT U12"]
[Site "Verden an der Aller"]
[Date "2006.12.27"]
[Round "1.1"]
[White "Plotkin, Alex"]
[Black "Schindlbeck, Tobias"]
[Result "0-1"]
[WhiteElo "1501"]
[BlackElo "1684"]
[PlyCount "90"]
[EventDate "2006.12.27"]
[EventType "team-swiss"]
[EventRounds "7"]
[EventCountry "GER"]
[SourceTitle "EXT 2008"]
[Source "ChessBase"]
[SourceDate "2007.11.25"]
[SourceVersion "1"]
[SourceVersionDate "2007.11.25"]
[SourceQuality "1"]
[WhiteTeam "Brackel SF U12"]
[BlackTeam "Ergolding FC U12"]
[WhiteTeamCountry "GER"]
[BlackTeamCountry "GER"]

1. e4 c5 2. Nf3 e6 3. d4 cxd4 4. Nxd4 a6 5. Nc3 Qc7 6. Be3 Bb4 7. Qd2 Nf6 8. f3 d5 9. exd5 Nxd5 10. Nde2 0-0 11. a3 Bxc3 12. Nxc3 Nxc3 13. Qxc3 Qxc3+ 14. bxc3 Bd7 15. Rb1 b5 16. c4 bxc4 17. Bxc4 Nc6 18. 0-0 Ne5 19. Be2 Rfc8 20. Rfc1 Nc4 21. Bxc4 Rxc4 22. Rb7 Bb5 23. c3 Rac8 24. Kf2 h6 25. Bd2 Rd8 26. Ke1 g5 27. h3 Rc5 28. Be3 Re5 29. Kf2 Rd3 30. Rb8+ Kh7 31. Bd4 Rd2+ 32. Kg1 Ree2 33. c4 Bc6 34. Rh8+ Kg6 35. Rg8+ Kh5 36. g4+ Kh4 37. f4 Rg2+ 38. Kf1 Rxd4 39. fxg5 Rf4+ 40. Ke1 hxg5 41. Rh8+ Kg3 42. Rc3+ Rf3 43. Rxf3+ Bxf3 44. c5 Re2+ 45. Kf1 Rd2 0-1

[Event "GER-ch U12"]
[Site "Willingen"]
[Date "2006.06.09"]
[Round "11"]
[White "Schindlbeck, Tobias"]
[Black "Spangenberg, Romy"]
[Result "0-1"]
[WhiteElo "1551"]
[BlackElo "1344"]
[PlyCount "72"]
[EventDate "2006.06.03"]
[EventType "swiss"]
[EventRounds "11"]
[EventCountry "GER"]
[SourceTitle "EXT 2007"]
[Source "ChessBase"]
[SourceDate "2006.11.23"]
[SourceVersion "1"]
[SourceVersionDate "2006.11.23"]
[SourceQuality "1"]

1. e4 c5 2. Nf3 e6 3. d4 cxd4 4. Nxd4 Nf6 5. Nc3 Nc6 6. Be3 Bb4 7. f3 a6 8. Be2 d5 9. Nxc6 bxc6 10. e5 Nd7 11. f4 0-0 12. 0-0 Bc5 13. Bxc5 Nxc5 14. Qd4 Qb6 15. Kh1 Nd7 16. Qxb6 Nxb6 17. Rf3 f6 18. exf6 Rxf6 19. Raf1 Bd7 20. g4 Raf8 21. g5 Rf5 22. h4 c5 23. Bd3 R5f7 24. h5 e5 25. Bxh7+ Kh8 26. f5 Bc6 27. Re1 Nc4 28. Rf2 d4+ 29. Ne4 Ne3 30. f6 gxf6 31. Bg6 Bxe4+ 32. Bxe4 fxg5 33. Rxf7 Rxf7 34. Re2 Rf4 35. Bg6 g4 36. Kh2 Rf3 0-1

[Event "GER-ch U12"]
[Site "Willingen"]
[Date "2006.06.06"]
[Round "6"]
[White "Schindlbeck, Tobias"]
[Black "Kuegel, Tobias"]
[Result "1-0"]
[WhiteElo "1551"]
[BlackElo "1408"]
[PlyCount "55"]
[EventDate "2006.06.03"]
[EventType "swiss"]
[EventRounds "11"]
[EventCountry "GER"]
[SourceTitle "EXT 2007"]
[Source "ChessBase"]
[SourceDate "2006.11.23"]
[SourceVersion "1"]
[SourceVersionDate "2006.11.23"]
[SourceQuality "1"]

1. e4 e5 2. Nf3 Nc6 3. Bc4 Bc5 4. 0-0 Nf6 5. d4 Bxd4 6. Nxd4 Nxd4 7. f4 Nc6 8. Nc3 h6 9. Bb5 d6 10. Be3 exf4 11. Bxf4 Bg4 12. Qd2 0-0 13. Qf2 Ne5 14. Bxh6 Nxe4 15. Nxe4 gxh6 16. Nf6+ Kh8 17. Qh4 h5 18. h3 Ng6 19. Qg5 Kg7 20. hxg4 hxg4 21. Nh5+ Kh7 22. Qxg4 c6 23. Bd3 Qb6+ 24. Kh1 Qc7 25. Rf6 Rg8 26. Raf1 Raf8 27. Nf4 Qc8 28. Qh5+ 1-0